Online
Catalog

Antología de la poesía centroamericana / (Record no. 2409)

MARC details
000 -CABECERA
campo de control de longitud fija 00561cam a2200157 a 4500
001 - NÚMERO DE CONTROL
campo de control 000002573
005 - FECHA Y HORA DE LA ÚLTIMA TRANSACCIÓN
campo de control 20200929150221.0
008 - DATOS DE LONGITUD FIJA--INFORMACIÓN GENERAL
campo de control de longitud fija 940401s1928 ck 001 p spa
040 ## - FUENTE DE LA CATALOGACIÓN
Centro catalogador/agencia de origen DO-SdBNP
Lengua de catalogación spa
Centro/agencia transcriptor BNPHU
082 ## - NÚMERO DE LA CLASIFICACIÓN DECIMAL DEWEY
Número de clasificación 861.4208
Número de documento/Ítem A634p
245 00 - MENCIÓN DE TÍTULO
Título Antología de la poesía centroamericana /
Mención de responsabilidad, etc. varios.
260 ## - PUBLICACIÓN, DISTRIBUCIÓN, ETC.
Lugar de publicación, distribución, etc. Bogotá, Colombia :
Nombre del editor, distribuidor, etc. Organización Continental de los Festivales de Libro,
Fecha de publicación, distribución, etc. [1928?-.
300 ## - DESCRIPCIÓN FÍSICA
Extensión v. 1 ;
Dimensiones 18 cm.
650 #4 - PUNTO DE ACCESO ADICIONAL DE MATERIA--TÉRMINO DE MATERIA
Término de materia o nombre geográfico como elemento de entrada Poesía hispanoamericana
Subdivisión general Colecciones
9 (RLIN) 317
710 2# - PUNTO DE ACCESO ADICIONAL--NOMBRE DE ENTIDAD CORPORATIVA
Nombre de entidad corporativa o nombre de jurisdicción como elemento de entrada Organización Continental de los Festivales de Libro.
9 (RLIN) 8102
Holdings
Estado de retiro Estado de pérdida Restricciones de uso No para préstamo Código de colección Localización permanente Ubicación/localización actual Ubicación en estantería Fecha de adquisición Número de inventario Total de préstamos Signatura topográfica completa Código de barras Fecha visto por última vez Precio válido a partir de Tipo de ítem Koha
    Préstamo interno   Monografías: Libros y Folletos General General En catalogación 20.07.2009 LF1   861.4208 A634p 2573-10 25.06.2020 25.06.2020 Préstamo interno

Powered by Koha